[Event "Challenge"]
[Site "http://www.queenalice.com/game.php?id=558198"]
[Date "2009.3.19"]
[Round "-"]
[White "Gwesyn"]
[Black "kronsteen"]
[Result "0-1"]
[WhiteElo "1500"]
[BlackElo "1976"]

1. e4 e5 2. Nf3 Nf6 3. Bc4 Nc6 4. d4 exd4 5. Ng5 d5 6. exd5 Nxd5 7. O-O Be7 8.
Re1 O-O 9. Qf3 Nf6 10. c3 h6 11. Ne4 Ne5 12. Nxf6+ Bxf6 13. Qe2 Nxc4 14. Qxc4
Be6 15. Qe2 dxc3 16. Rd1 cxb2 17. Bxb2 Qe7 18. Nc3 Rad8 19. Nb5 Bxb2 20. Qxb2 a6
21. Nd4 Qf6 22. Qxb7 Rxd4 23. Qxc7 Rd2 24. h3 Qxf2+ 25. Kh2 Qxg2# 0-1

[Event "Challenge"]
[Site "http://www.queenalice.com/game.php?id=559563"]
[Date "2009.3.21"]
[Round "-"]
[White "gambitmiau64"]
[Black "Gwesyn"]
[Result "1-0"]
[WhiteElo "1506"]
[BlackElo "1738"]

1. e4 e5 2. d4 exd4 3. Nf3 Nc6 4. c3 dxc3 5. Bc4 cxb2 6. Bxb2 Bb4+ 7. Nc3 Qe7 8.
O-O Nf6 9. e5 Nxe5 10. Nxe5 Qxe5 11. Re1 Bd6 12. Rxe5+ Bxe5 13. Qe1 d6 14. f4
O-O 15. fxe5 Re8 16. Nd5 Nxd5 17. Bxd5 c6 18. Be4 dxe5 19. Qg3 f6 20. Rf1 Be6
21. Rxf6 Re7 22. Bxe5 Rf8 23. Bxh7+ Kxh7 24. Rxf8 Bg8 25. Qh4+ Kg6 26. Qxe7 1-0

[Event "Challenge"]
[Site "http://www.queenalice.com/game.php?id=560133"]
[Date "2009.3.22"]
[Round "-"]
[White "Gwesyn"]
[Black "Pawngal"]
[Result "1-0"]
[WhiteElo "1633"]
[BlackElo "1368"]

1. e4 e5 2. Nf3 Nc6 3. Bb5 Nge7 4. Nc3 a6 5. Bxc6 Nxc6 6. d4 exd4 7. Nxd4 Nxd4
8. Qxd4 c6 9. O-O d5 10. Re1 Be7 11. Qxg7 Bf6 12. exd5+ Kd7 13. Qxf7+ Kd6 14.
Bf4+ Kc5 15. Rad1 Bxc3 16. bxc3 cxd5 17. Bc7 Qd7 18. Re7 Qf5 19. Qg7 Be6 20.
Qd4+ Kc6 21. Qb6# 1-0

[Event "FRAGMENTOS IV"]
[Site "http://www.queenalice.com/game.php?id=561022"]
[Date "2009.3.24"]
[Round "-"]
[White "perucona"]
[Black "Gwesyn"]
[Result "0-1"]
[WhiteElo "1475"]
[BlackElo "1500"]

1. e4 c6 2. d4 d5 3. e5 Bf5 4. Bd3 Bxd3 5. Qxd3 e6 6. Nf3 Qb6 7. O-O c5 8. dxc5
Bxc5 9. Be3 Bxe3 10. Qxe3 Qxb2 11. Qd4 Qxc2 12. Na3 Qg6 13. g3 Nc6 14. Qa4 Ne7
15. Rfd1 Rd8 16. Nd4 O-O 17. Ne2 Nxe5 18. f4 Nf3+ 19. Kf2 Qg4 20. Qc2 Nxh2 21.
Rh1 Qf3+ 22. Ke1 Qxh1+ 23. Kd2 Qxa1 24. Qc3 Qxa2+ 25. Qc2 Qxa3 26. Qc3 Qd6 27.
Nc1 d4 28. Qd3 Rc8 29. g4 Qxf4+ 30. Kd1 Qxc1+ 31. Ke2 Qf1+ 32. Kd2 Nf3+ 33. Qxf3
Qxf3 34. g5 Qe3+ 35. Kd1 d3 36. g6 Qe2# 0-1

[Event "Challenge"]
[Site "http://www.queenalice.com/game.php?id=561057"]
[Date "2009.3.24"]
[Round "-"]
[White "Gwesyn"]
[Black "Martial"]
[Result "1-0"]
[WhiteElo "1696"]
[BlackElo "1442"]

1. e4 e5 2. Nf3 Nc6 3. Bb5 Bd6 4. O-O Nf6 5. Nc3 a6 6. Bxc6 dxc6 7. Re1 O-O 8.
d4 exd4 9. Nxd4 Bg4 10. Nf3 b5 11. e5 Bxe5 12. Rxe5 Re8 13. Qe1 Bxf3 14. gxf3
Nd7 15. Bg5 f6 16. Rxe8+ Qxe8 17. Be3 Ne5 18. Qe2 b4 19. Ne4 Qg6+ 20. Ng3 Qxc2
21. Qxc2 Nxf3+ 22. Kg2 Nh4+ 23. Kf1 f5 24. Qc4+ Kf8 25. Rd1 Ng6 26. Bc5+ Ne7 27.
Nxf5 g6 28. Nxe7 Ke8 29. Nxc6 h5 30. Qe6# 1-0

[Event "Challenge"]
[Site "http://www.queenalice.com/game.php?id=562354"]
[Date "2009.3.27"]
[Round "-"]
[White "montelo"]
[Black "Gwesyn"]
[Result "0-1"]
[WhiteElo "1676"]
[BlackElo "1650"]

1. e4 c6 2. Nf3 d5 3. e5 Bg4 4. Be2 e6 5. h3 Bxf3 6. Bxf3 Nd7 7. d4 c5 8. c3 c4
9. b3 Nb6 10. Nd2 f6 11. bxc4 fxe5 12. dxe5 Bc5 13. Bg4 Nxc4 14. Nxc4 dxc4 15.
Qa4+ Ke7 16. Qxc4 Qd5 17. Bg5+ Kf7 18. Qf4+ Kg6 19. h4 h5 20. Bf3 Qd7 21. g4 Rf8
22. gxh5+ Rxh5 23. Qe4+ Rf5 24. Bxh5+ Kxh5 25. Qe2+ Kg6 26. Be3 Rxe5 27. Qg4+
Kf6 28. O-O b6 29. Bxc5 bxc5 30. f4 Rf5 31. h5 Nh6 32. Qg6+ Ke7 33. Qxg7+ Nf7
34. h6 Qd8 35. Rf3 Rh5 36. Rb1 Qa8 37. Rbf1 Rxh6 38. Qg4 Qe4 39. Rh3 Rg6 40. Rg3
Rxg4 41. Rxg4 Qe3+ 42. Kh1 Qe2 43. Rgg1 Qxa2 44. Re1 Qf2 45. Rb1 Kd6 46. Rbd1+
Kc6 47. Rgf1 Qe3 48. Rc1 Nd8 49. f5 exf5 50. Rfe1 Qd2 51. Red1 Qg5 52. Ra1 Qh5+
53. Kg1 Nb7 54. Ra6+ Kb5 55. Raa1 a5 56. Rf1 Kc4 57. Rab1 Qg5+ 58. Kh1 Qh4+ 59.
Kg1 Qe4 60. Rfe1 Qd5 61. Rf1 Nd6 62. Rbd1 Qe5 63. Rc1 Ne4 64. Rce1 Qg3+ 65. Kh1
Qh4+ 66. Kg1 Qg3+ 67. Kh1 Nf2+ 68. Rxf2 Qxf2 69. Rg1 Qf3+ 70. Kh2 Qxc3 71. Rf1
Qd3 72. Kg2 Kb4 73. Kf2 f4 74. Kg2 Qe2+ 75. Kg1 f3 76. Rf2 Qe1+ 77. Rf1 Qg3+ 78.
Kh1 Qg2# 0-1

[Event "Challenge"]
[Site "http://www.queenalice.com/game.php?id=562355"]
[Date "2009.3.27"]
[Round "-"]
[White "Gwesyn"]
[Black "montelo"]
[Result "1-0"]
[WhiteElo "1625"]
[BlackElo "1789"]

1. e4 e5 2. Nf3 Nc6 3. Bb5 d6 4. d4 d5 5. Nxe5 Bd7 6. Nc3 Bb4 7. O-O Bxc3 8.
Nxd7 Bxb2 9. Bxb2 Qxd7 10. exd5 a6 11. Qe2+ Qe7 12. dxc6 axb5 13. Qxb5 Kd8 14.
cxb7 Rb8 15. d5 Nf6 16. Rfe1 Qd6 17. Rad1 Ng4 18. h3 Qh2+ 19. Kf1 Ne5 20. Bxe5
Qh1+ 21. Ke2 Qxg2 22. Rg1 Qe4+ 23. Kf1 Qxe5 24. a4 Qe8 25. Qb4 Qd7 26. Rg3 c6
27. Qb6+ Qc7 28. dxc6+ Ke8 29. Qxc7 1-0

[Event "Challenge"]
[Site "http://www.queenalice.com/game.php?id=572992"]
[Date "2009.4.16"]
[Round "-"]
[White "Gwesyn"]
[Black "cristal_negro"]
[Result "0-1"]
[WhiteElo "1648"]
[BlackElo "1862"]

1. e4 e5 2. Nf3 Nc6 3. Bb5 Nge7 4. Nc3 a6 5. Bxc6 Nxc6 6. d3 d6 7. h3 Be7 8. Nd5
O-O 9. O-O h6 10. Nxe7+ Nxe7 11. Re1 b6 12. Be3 Ng6 13. c3 c5 14. Qc2 Nf4 15.
Bxf4 exf4 16. Rad1 Bb7 17. d4 Re8 18. d5 Qf6 19. c4 Rad8 20. Qb3 b5 21. cxb5
axb5 22. Qxb5 Re7 23. Qb6 Red7 24. e5 dxe5 25. Qxc5 Rxd5 26. Rxd5 Bxd5 27. Rd1
Bxf3 28. Rxd8+ Qxd8 29. gxf3 Qg5+ 30. Kf1 Qf5 31. h4 Qh3+ 32. Ke2 Qe6 33. a4 e4
34. b4 exf3+ 0-1

[Event "Challenge"]
[Site "http://www.queenalice.com/game.php?id=573119"]
[Date "2009.4.17"]
[Round "-"]
[White "Gwesyn"]
[Black "blackwolf"]
[Result "0-1"]
[WhiteElo "1711"]
[BlackElo "1754"]

1. e4 e5 2. Nf3 Nc6 3. Bb5 a6 4. Bxc6 dxc6 5. Nc3 Bg4 6. h3 Bxf3 7. Qxf3 Nf6 8.
d3 Bb4 9. Bg5 h6 10. Bxf6 Qxf6 11. Qe2 Qf4 12. O-O O-O-O 13. Nd1 Bc5 14. a4 Rd7
15. b3 Rhd8 16. Rc1 Qxc1 17. Ne3 Qb2 18. Qd1 f6 19. Qd2 Rxd3 20. Nc4 Rxd2 21.
Nxb2 Rxc2 22. Nd1 Rcd2 23. Nc3 R2d3 24. Rc1 Bb4 0-1

[Event "Challenge"]
[Site "http://www.queenalice.com/game.php?id=576851"]
[Date "2009.4.24"]
[Round "-"]
[White "paloberto"]
[Black "Gwesyn"]
[Result "1-0"]
[WhiteElo "1744"]
[BlackElo "1679"]

1. c4 e5 2. Nf3 Nf6 3. Nc3 d5 4. Nxe5 d4 5. Na4 Be6 6. d3 Bd6 7. Bf4 Bb4+ 8. Bd2
Qe7 9. a3 Bd6 10. Bf4 Nh5 11. e3 Qh4 12. g3 Qe7 13. Qxh5 Bxe5 14. Qxe5 1-0

[Event "Challenge"]
[Site "http://www.queenalice.com/game.php?id=628675"]
[Date "2009.8.1"]
[Round "-"]
[White "insomnia69"]
[Black "Gwesyn"]
[Result "1-0"]
[WhiteElo "2274"]
[BlackElo "1635"]

1. d4 d5 2. c4 dxc4 3. e4 e5 4. Nf3 Nf6 5. Nc3 Bb4 6. Bxc4 O-O 7. Nxe5 Nxe4 8.
O-O Be6 9. Bxe6 Nxc3 10. Bxf7+ Rxf7 11. bxc3 1-0

[Event "Challenge"]
[Site "http://www.queenalice.com/game.php?id=633548"]
[Date "2009.8.9"]
[Round "-"]
[White "Gwesyn"]
[Black "insomnia69"]
[Result "0-1"]
[WhiteElo "1635"]
[BlackElo "2273"]

1. e4 d6 2. d4 Nf6 3. Nc3 g6 4. Nf3 Bg7 5. h3 O-O 6. Bc4 c6 7. O-O b5 8. Bb3 b4
9. e5 bxc3 10. exf6 cxb2 0-1

[Event "Challenge"]
[Site "http://www.queenalice.com/game.php?id=1075688"]
[Date "2012.6.24"]
[Round "-"]
[White "cristal_negro"]
[Black "Gwesyn"]
[Result "1-0"]
[WhiteElo "1847"]
[BlackElo "1635"]

1. e4 c6 2. d4 d5 3. Nc3 dxe4 4. Nxe4 Bf5 5. Nc3 Bg6 6. Nf3 Nd7 7. Bd3 Ngf6 8.
O-O e6 9. Re1 Be7 10. Rb1 Bh5 11. Be2 O-O 12. a3 Qc7 13. Qd3 c5 14. d5 exd5 15.
Nxd5 Nxd5 16. Qxd5 Bxf3 17. Bxf3 Qa5 18. Rxe7 Qe1+ 19. Rxe1 Nf6 20. Qxb7 Rad8
21. Bg5 Rd6 22. Qxa7 1-0

[Event "Challenge"]
[Site "http://www.queenalice.com/game.php?id=1609941"]
[Date "2020.4.29"]
[Round "-"]
[White "Gwesyn"]
[Black "NOVAG91"]
[Result "0-1"]
[WhiteElo "1625"]
[BlackElo "1698"]

1. e4 e5 2. Nf3 Nc6 3. Nc3 Bc5 4. Nxe5 Nxe5 5. d4 Bd6 6. dxe5 Bxe5 7. Bc4 c6 8.
O-O Nf6 9. Be3 O-O 10. Re1 b5 11. Bd3 d5 12. Bc5 Re8 13. h3 d4 14. Ne2 Qc7 15.
Ng3 a6 16. a3 Nd7 17. b4 a5 18. Qd2 Nxc5 19. bxc5 Re6 20. Rad1 Rh6 21. Nf1 Bf4
22. Qe2 Rg6 23. Qf3 Qe5 24. g3 Bh6 25. h4 Bg4 26. Qg2 Bxd1 27. Rxd1 Qxc5 0-1

[Event "Challenge"]
[Site "http://www.queenalice.com/game.php?id=1609960"]
[Date "2020.4.29"]
[Round "-"]
[White "beginat63"]
[Black "Gwesyn"]
[Result "1-0"]
[WhiteElo "1679"]
[BlackElo "1609"]

1. e4 c6 2. d4 d5 3. Nc3 dxe4 4. Nxe4 Bf5 5. f3 e6 6. Bd3 Nf6 7. Bg5 Nbd7 8. Ne2
h6 9. Bh4 Be7 10. g4 Bg6 11. Qd2 O-O 12. g5 Nxe4 13. fxe4 Bxg5 14. Bxg5 hxg5 15.
O-O-O Bh5 16. Rde1 b5 17. Rhg1 Qc7 18. Qxg5 Qxh2 19. Qxg7# 1-0

[Event "Challenge"]
[Site "http://www.queenalice.com/game.php?id=1615478"]
[Date "2020.6.6"]
[Round "-"]
[White "Gwesyn"]
[Black "nuage"]
[Result "0-1"]
[WhiteElo "1593"]
[BlackElo "1659"]

1. e4 e5 2. Nf3 Nc6 3. Nc3 Bb4 4. Bc4 Nf6 5. Bb5 O-O 6. O-O Nd4 7. Nxd4 exd4 8.
e5 Nh5 9. Ne4 c6 10. Be2 Qh4 11. Bxh5 Qxe4 12. Re1 Qf5 13. a3 Bc5 14. b4 Be7 15.
c4 d6 16. Bg4 Qxg4 17. f3 Qg6 18. Re2 dxe5 19. g4 Bd6 20. Bb2 Qd3 21. Rc1 Qxf3
22. Rg2 Qf4 23. h3 d3 0-1

[Event "Challenge"]
[Site "http://www.queenalice.com/game.php?id=1615479"]
[Date "2020.6.6"]
[Round "-"]
[White "nuage"]
[Black "Gwesyn"]
[Result "1-0"]
[WhiteElo "1672"]
[BlackElo "1578"]

1. Nf3 c5 2. d3 Nc6 3. g3 d6 4. Bg2 Nf6 5. O-O Bf5 6. Bg5 Qd7 7. e4 Bg6 8. Nc3
O-O-O 9. a3 e5 10. Nd5 Qe6 11. c4 h6 12. Bd2 Bh5 13. Ne3 Be7 14. Nf5 Bf8 15. Bh3
Kb8 16. b4 g6 17. b5 Bxf3 18. Qxf3 Nd4 19. Qd1 gxf5 20. exf5 Qc8 21. Bg2 Qxf5
22. Be3 1-0

[Event "Challenge"]
[Site "http://www.queenalice.com/game.php?id=1618406"]
[Date "2020.6.27"]
[Round "-"]
[White "Nicole63"]
[Black "Gwesyn"]
[Result "1-0"]
[WhiteElo "1056"]
[BlackElo "1566"]

1. d4 d5 2. c4 e6 3. Nf3 Nc6 4. cxd5 Bb4+ 5. Bd2 Qxd5 6. e3 Nf6 7. Bd3 O-O 8.
O-O Bd7 9. e4 Nxe4 10. Qe1 a5 11. Qxe4 Qh5 12. Qf4 Bd6 13. Qe4 f5 14. Qe3 Rae8
15. Nc3 Nb4 16. Bb5 Nc2 17. Qd3 Nxa1 18. Rxa1 Bc6 19. Re1 Bxf3 20. Qxf3 Qxh2+
21. Kf1 c6 22. Bc4 b5 23. Bb3 b4 24. Na4 c5 25. Nb6 Rf7 26. Qc6 Rd8 27. Bg5 1-0